00704nam a2200205 a 450000100100000000500170001000800410002704000250006804100130009308200160010610000250012224500770014726000580022430000200028249000340030249000280033653400500036470000230041483000610043700004230120201002040050.0131122s1957 ag 000 d spa d aDO-SdBNPbspacBNPHU17aspahger axxxxbH685a1 aHochwaälder, Fritz13aEl acusador público /cFritz Hochwalder ; traducción de Kurt Pahlen. aBuenos Aires :bEdiciones del Carro de Tespis,c1957. a78 p. ;c19 cm.1 aEdiciones del carro de Tespis1 aSelección teatralv25 aTítulo original.tDer uffentliche anklager.1 aPahlen, Kurt,etr. 0aEdiciones del Carro de TespispSelección teatral ;n25